[Event "Titled Tuesday intern op 08th Aug Late"]
[Site "Chess.com INT"]
[Date "2023.08.08"]
[Round "7"]
[White "Reprintsev, Alexander"]
[Black "Pantev, Veselin"]
[Result "0-1"]
[WhiteElo "2225"]
[BlackElo "2374"]
[PlyCount "100"]
[EventDate "2023.08.08"]
[EventType "swiss (blitz)"]
[EventRounds "11"]
[EventCountry "USA"]
[SourceTitle "EXT 2024"]
[Source "ChessBase"]
[SourceDate "2023.10.10"]
[SourceVersion "1"]
[SourceVersionDate "2023.10.10"]
[SourceQuality "1"]

1. e4 c6 2. Nc3 d5 3. Nf3 dxe4 4. Nxe4 Nf6 5. Qe2 Nxe4 6. Qxe4 Qd5 7. Qe3 Qe6 8. b3 Qxe3+ 9. fxe3 Nd7 10. Bb2 f6 11. g4 Nb6 12. g5 Bg4 13. Bg2 Bxf3 14. Bxf3 fxg5 15. Rg1 h6 16. Bh5+ Kd7 17. 0-0-0 Nd5 18. Bg6 Nf6 19. e4 e6 20. c4 Be7 21. e5 Ne8 22. d4 Nc7 23. a3 Rhf8 24. b4 Rf4 25. Rg2 a6 26. Kc2 b5 27. Bc1 Rf3 28. Be4 Rf7 29. d5 cxd5 30. cxd5 Nxd5 31. Rxd5+ exd5 32. Bxd5 Rc8+ 33. Kb3 Rf5 34. Bb2 Rc7 35. Rd2 Ke8 36. Be4 Rf4 37. Bg6+ Kf8 38. Rd3 g4 39. Bd4 Rf3 40. Bb6 Rxd3+ 41. Bxd3 Rb7 42. Bd4 Kf7 43. Bf5 h5 44. e6+ Kf8 45. Bg6 h4 46. Bf5 g3 47. hxg3 hxg3 48. Be4 Rc7 49. Be5 Rc4 50. Bf3 Bf6 0-1

[Event "Titled Tuesday intern op 02nd May Late"]
[Site "Chess.com INT"]
[Date "2023.05.02"]
[Round "9"]
[White "Pantev, Veselin"]
[Black "Tomaszewski, Kacper"]
[Result "1-0"]
[WhiteElo "2374"]
[BlackElo "2313"]
[PlyCount "59"]
[EventDate "2023.05.02"]
[EventType "swiss (blitz)"]
[EventRounds "11"]
[EventCountry "USA"]
[SourceTitle "EXT 2024"]
[Source "ChessBase"]
[SourceDate "2023.10.10"]
[SourceVersion "1"]
[SourceVersionDate "2023.10.10"]
[SourceQuality "1"]

1. d4 e6 2. Nf3 Nf6 3. g3 d5 4. Bg2 Nc6 5. 0-0 Bd6 6. Nbd2 0-0 7. c4 Ne4 8. b3 f5 9. Bb2 b6 10. Rc1 Bb7 11. cxd5 exd5 12. Nb1 Ne7 13. Nc3 Qe8 14. Ne5 Ng6 15. f4 Rc8 16. e3 Rf6 17. Qe2 c6 18. Nxe4 fxe4 19. Bh3 Rc7 20. Qh5 Re7 21. g4 Bb4 22. f5 Nf8 23. Qxe8 Rxe8 24. Rf2 h6 25. Bf1 Rd8 26. Rfc2 Rc8 27. Bb5 c5 28. a3 cxd4 29. Rxc8 Bxc8 30. Rxc8 1-0

[Event "Titled Tuesday intern op 02nd May Late"]
[Site "Chess.com INT"]
[Date "2023.05.02"]
[Round "2"]
[White "Tulchynskyi, Feliks"]
[Black "Pantev, Veselin"]
[Result "1/2-1/2"]
[WhiteElo "2246"]
[BlackElo "2374"]
[PlyCount "119"]
[EventDate "2023.05.02"]
[EventType "swiss (blitz)"]
[EventRounds "11"]
[EventCountry "USA"]
[SourceTitle "EXT 2024"]
[Source "ChessBase"]
[SourceDate "2023.10.10"]
[SourceVersion "1"]
[SourceVersionDate "2023.10.10"]
[SourceQuality "1"]

1. c4 Nf6 2. Nc3 c5 3. g3 Nc6 4. Bg2 e6 5. Nf3 b6 6. d4 cxd4 7. Nxd4 Bb7 8. Ndb5 a6 9. Nd6+ Bxd6 10. Qxd6 Qb8 11. Bf4 Qxd6 12. Bxd6 Rc8 13. 0-0 Na5 14. b3 Bxg2 15. Kxg2 Nb7 16. Rfd1 Nxd6 17. Rxd6 Rc6 18. Rxc6 dxc6 19. Na4 b5 20. Nc5 a5 21. Nb7 bxc4 22. Nxa5 cxb3 23. axb3 c5 24. Nb7 Kd7 25. Nxc5+ Kc6 26. Nd3 Nd7 27. b4 Rb8 28. Rc1+ Kd6 29. Ra1 Rb7 30. Ra8 h5 31. h4 g6 32. Kf3 Ne5+ 33. Nxe5 Kxe5 34. Ra5+ Kd4 35. b5 Kc5 36. Kf4 Kb6 37. Ra1 Rd7 38. Ke5 Rd5+ 39. Ke4 Rxb5 40. Rc1 Rf5 41. f4 Rb5 42. Rc3 Ra5 43. Kd4 Rd5+ 44. Ke3 Kb7 45. Kf3 Ra5 46. e4 Rb5 47. g4 hxg4+ 48. Kxg4 Rh5 49. e5 Rf5 50. Rh3 Rh5 51. Rc3 Kb8 52. Rc6 Kb7 53. Rc4 Rf5 54. Kf3 Kb6 55. Rc8 Kb7 56. Rc4 Rh5 57. Kg4 Rh7 58. Rc3 Rh8 59. Rc4 Rh5 60. Rc3 1/2-1/2

[Event "Titled Tuesday intern op 02nd May Late"]
[Site "Chess.com INT"]
[Date "2023.05.02"]
[Round "8"]
[White "Zhigalko, Sergei"]
[Black "Pantev, Veselin"]
[Result "1-0"]
[WhiteElo "2572"]
[BlackElo "2374"]
[PlyCount "73"]
[EventDate "2023.05.02"]
[EventType "swiss (blitz)"]
[EventRounds "11"]
[EventCountry "USA"]
[SourceTitle "EXT 2024"]
[Source "ChessBase"]
[SourceDate "2023.10.10"]
[SourceVersion "1"]
[SourceVersionDate "2023.10.10"]
[SourceQuality "1"]

1. e4 c6 2. d4 d5 3. e5 Bf5 4. Nf3 e6 5. Be2 Ne7 6. 0-0 Bg6 7. Nbd2 Nf5 8. Nb3 h5 9. Ne1 h4 10. Nd3 Be7 11. a4 a5 12. Bd2 Nd7 13. Qe1 b6 14. Rc1 f6 15. exf6 gxf6 16. c4 Bd6 17. Nf4 Bxf4 18. Bxf4 Kf7 19. cxd5 cxd5 20. Rc7 Rc8 21. Rb7 Re8 22. Ba6 Re7 23. Qe2 Ra8 24. Bb5 Qc8 25. Rc7 Qd8 26. Re1 Ng7 27. Bd6 Bf5 28. Bc6 Ne8 29. Bxe7 Qxc7 30. Bxa8 Kxe7 31. Bxd5 Ng7 32. Be4 Nf8 33. d5 Bxe4 34. Qxe4 e5 35. Nd4 Qd7 36. Qxh4 Qxd5 37. Rxe5+ 1-0

[Event "PNWCC-Plovdiv FIDE Hybrid II m2"]
[Site "Chess.com INT"]
[Date "2021.07.27"]
[Round "4.2"]
[White "Pantev, Veselin"]
[Black "Jiang, Brandon"]
[Result "1-0"]
[WhiteElo "2393"]
[BlackElo "1954"]
[PlyCount "101"]
[EventDate "2021.07.24"]
[EventType "schev"]
[EventRounds "8"]
[EventCountry "USA"]
[SourceTitle "EXT 2022"]
[Source "ChessBase"]
[SourceDate "2021.10.06"]
[SourceVersion "1"]
[SourceVersionDate "2021.10.06"]
[SourceQuality "1"]
[WhiteTeam "Plovdiv"]
[BlackTeam "PNWCC"]
[WhiteTeamCountry "BUL"]
[BlackTeamCountry "USA"]

1. b3 Nf6 2. Bb2 g6 3. g3 Bg7 4. Bg2 0-0 5. Nf3 d6 6. 0-0 e5 7. c4 c6 8. Nc3 Bg4 9. h3 Bxf3 10. Bxf3 d5 11. cxd5 cxd5 12. Bg2 Nc6 13. d3 h5 14. h4 d4 15. Ne4 Nxe4 16. Bxe4 f5 17. Bg2 f4 18. Be4 Qd7 19. Kg2 Qg4 20. Bf3 Qe6 21. Qc2 Kh7 22. Qc4 Qf6 23. Ba3 Rf7 24. Qd5 Bf8 25. Bc1 Bd6 26. Qe4 Kg7 27. Bd2 Rh8 28. Rh1 Bb8 29. Rac1 Bd6 30. Rc4 a5 31. a4 Qd8 32. Rhc1 Rhf8 33. Rxc6 bxc6 34. Rxc6 Rf6 35. Ra6 Bc7 36. Ra7 Kh8 37. Qb7 R6f7 38. Qc6 Kg7 39. Qe4 Re8 40. Rb7 Qd6 41. Rb5 Qd8 42. Rc5 Rf6 43. Rd5 Rd6 44. Rc5 fxg3 45. fxg3 Bb6 46. Rb5 Qc7 47. Bxa5 Bxa5 48. Rb7 Qxb7 49. Qxb7+ Kh6 50. Qb5 Bd8 51. Qxe8 1-0

[Event "PNWCC-Plovdiv FIDE Hybrid II m2"]
[Site "Chess.com INT"]
[Date "2021.07.24"]
[Round "1.1"]
[White "Pantev, Veselin"]
[Black "Levine, Joseph1111"]
[Result "1-0"]
[WhiteElo "2393"]
[BlackElo "2025"]
[PlyCount "115"]
[EventDate "2021.07.24"]
[EventType "schev"]
[EventRounds "8"]
[EventCountry "USA"]
[SourceTitle "EXT 2022"]
[Source "ChessBase"]
[SourceDate "2021.10.06"]
[SourceVersion "1"]
[SourceVersionDate "2021.10.06"]
[SourceQuality "1"]
[WhiteTeam "Plovdiv"]
[BlackTeam "PNWCC"]
[WhiteTeamCountry "BUL"]
[BlackTeamCountry "USA"]

1. d4 d5 2. Nf3 Nf6 3. c4 e6 4. g3 Be7 5. Bg2 0-0 6. Nbd2 b6 7. 0-0 Bb7 8. b3 Nbd7 9. Bb2 c5 10. Rc1 Rc8 11. dxc5 Nxc5 12. Nd4 Nce4 13. Nxe4 Nxe4 14. Qc2 Bc5 15. e3 Qe7 16. Rfd1 Nd6 17. Qc3 e5 18. Nf3 f6 19. cxd5 Ba6 20. b4 Bd4 21. Qb3 Bxb2 22. Qxb2 Qd7 23. Nd2 Qa4 24. Ne4 Nxe4 25. Bxe4 Rc4 26. Bc2 Qd7 27. Bb3 Rcc8 28. a4 Kh8 29. b5 Bb7 30. e4 Qd6 31. Bc4 f5 32. Bd3 fxe4 33. Bxe4 Rcd8 34. Qe2 Rf6 35. Rc3 g6 36. h4 Rf7 37. Qe3 Rdf8 38. Rd2 Kg7 39. Bg2 Re7 40. Rcc2 Rfe8 41. Qc3 Rd8 42. Rd3 Kg8 43. Rcd2 Rc8 44. Qb2 Rec7 45. Kh2 Rc4 46. Bh3 Rf8 47. Be6+ Kg7 48. Re3 Rxa4 49. Qxe5+ Qxe5 50. Rxe5 Kf6 51. Re3 Rd8 52. g4 h6 53. Kg3 Rd6 54. Rc3 a6 55. Rc7 Ra3+ 56. Kh2 Ba8 57. Re2 Bxd5 58. Rf7# 1-0

[Event "Titled Tuesday intern op 06th Apr"]
[Site "Chess.com INT"]
[Date "2021.04.06"]
[Round "4"]
[White "Pantev, Veselin"]
[Black "Polok, Kacper"]
[Result "1-0"]
[WhiteElo "2393"]
[BlackElo "2245"]
[PlyCount "117"]
[EventDate "2021.04.06"]
[EventType "swiss (blitz)"]
[EventRounds "11"]
[EventCountry "USA"]
[SourceTitle "CBM 201 Extra"]
[Source "ChessBase"]
[SourceDate "2021.05.31"]
[SourceVersion "1"]
[SourceVersionDate "2021.05.31"]
[SourceQuality "1"]

1. d4 e6 2. Nf3 f5 3. g3 Nf6 4. Bg2 d5 5. Bf4 Be7 6. Nbd2 0-0 7. 0-0 Bd7 8. Ne5 Be8 9. c4 c6 10. Qb3 Qb6 11. c5 Qxb3 12. axb3 Nbd7 13. Nxd7 Nxd7 14. b4 a6 15. Nf3 h6 16. h4 Bh5 17. Rfe1 Rae8 18. Bc7 Bf6 19. Bd6 Rf7 20. Ne5 Nxe5 21. dxe5 Bd8 22. f3 g5 23. hxg5 hxg5 24. Kf2 Rh7 25. Rh1 Kg7 26. Rh2 Reh8 27. Rah1 Bg6 28. Rxh7+ Rxh7 29. Ra1 f4 30. g4 Bc2 31. Rc1 Ba4 32. Rh1 Rxh1 33. Bxh1 a5 34. bxa5 Bxa5 35. e3 Bd2 36. exf4 Bxf4 37. Bg2 Bc1 38. Bf1 Bc2 39. b4 Ba4 40. Bd3 Bd2 41. Ke2 Bxb4 42. Be7 Ba3 43. Bxg5 Bxc5 44. Bf6+ Kf8 45. f4 Be7 46. Bxe7+ Kxe7 47. f5 exf5 48. gxf5 c5 49. f6+ Kf7 50. Bf5 d4 51. Be4 Bb5+ 52. Kd2 b6 53. Bd5+ Kg6 54. Be4+ Kf7 55. Bd5+ Ke8 56. e6 Bf1 57. Bc6+ Kd8 58. e7+ Kc7 59. e8Q 1-0

[Event "Titled Tuesday intern op 26th Jan"]
[Site "Chess.com INT"]
[Date "2021.01.26"]
[Round "3"]
[White "Hasman, Cengiz"]
[Black "Pantev, Veselin"]
[Result "1-0"]
[WhiteElo "2101"]
[BlackElo "2393"]
[PlyCount "61"]
[EventDate "2021.01.26"]
[EventType "swiss (blitz)"]
[EventRounds "11"]
[EventCountry "USA"]
[SourceTitle "CBM 200 Extra"]
[Source "ChessBase"]
[SourceDate "2021.03.31"]
[SourceVersion "1"]
[SourceVersionDate "2021.03.31"]
[SourceQuality "1"]

1. d4 Nf6 2. c4 e6 3. Nc3 Bb4 4. Qc2 0-0 5. e4 d6 6. Bd3 Nc6 7. Nge2 e5 8. Be3 Re8 9. d5 Ne7 10. a3 Bc5 11. Bxc5 dxc5 12. 0-0 Ng6 13. f4 exf4 14. Nxf4 Nxf4 15. Rxf4 Nd7 16. e5 g6 17. e6 fxe6 18. Bxg6 Re7 19. dxe6 hxg6 20. exd7 Bxd7 21. Nd5 Bf5 22. Nxe7+ Qxe7 23. Qf2 Re8 24. g4 Bd7 25. Rf6 Qe4 26. h3 Bc6 27. Kh2 Qe5+ 28. Qf4 Qe2+ 29. Kg3 Be4 30. Rf1 Qd2 31. Qxd2 1-0

[Event "EU-ch Online 2300+ Final"]
[Site "Chess.com INT"]
[Date "2020.05.30"]
[Round "6"]
[White "Pantev, Veselin"]
[Black "Costachi, Mihnea"]
[Result "0-1"]
[WhiteElo "2393"]
[BlackElo "2471"]
[PlyCount "64"]
[EventDate "2020.05.30"]
[EventType "swiss"]
[EventRounds "8"]
[EventCountry "NET"]
[SourceTitle "CBM 196 Extra"]
[Source "ChessBase"]
[SourceDate "2020.07.31"]
[SourceVersion "1"]
[SourceVersionDate "2020.07.31"]
[SourceQuality "1"]

1. d4 Nf6 2. Nf3 d5 3. c4 c6 4. Qb3 g6 5. Bf4 Bg7 6. e3 0-0 7. Nc3 a6 8. a4 Qa5 9. Be2 dxc4 10. Bxc4 b5 11. Be2 Be6 12. Qc2 b4 13. Nb1 Nd5 14. Be5 f6 15. Bg3 Bf5 16. e4 b3+ 17. Qd2 Nb4 18. Bc4+ Kh8 19. exf5 Nc2+ 20. Ke2 Qxf5 21. Nc3 Nxa1 22. Rxa1 e5 23. dxe5 fxe5 24. Ng5 Qg4+ 25. Ke1 Qxc4 26. Rd1 Ra7 27. Qe3 Re7 28. h4 Nd7 29. h5 Nf6 30. hxg6 hxg6 31. f3 Nh5 32. Bh2 Qh4+ 0-1

[Event "EU-ch Online 2300+ Final"]
[Site "Chess.com INT"]
[Date "2020.05.30"]
[Round "2"]
[White "Pantev, Veselin"]
[Black "Skliarov, Viktor"]
[Result "1/2-1/2"]
[WhiteElo "2393"]
[BlackElo "2376"]
[PlyCount "50"]
[EventDate "2020.05.30"]
[EventType "swiss"]
[EventRounds "8"]
[EventCountry "NET"]
[SourceTitle "CBM 196 Extra"]
[Source "ChessBase"]
[SourceDate "2020.07.31"]
[SourceVersion "1"]
[SourceVersionDate "2020.07.31"]
[SourceQuality "1"]

1. d4 Nf6 2. Nf3 g6 3. Bf4 Bg7 4. e3 0-0 5. Be2 d6 6. c4 c5 7. d5 Nh5 8. Nc3 Nxf4 9. exf4 a6 10. a4 Bg4 11. 0-0 Nd7 12. Qc2 Qa5 13. Ra3 Rab8 14. h3 Bxf3 15. Bxf3 Nb6 16. Ne4 Qb4 17. Be2 Qxb2 18. Qxb2 Bxb2 19. Ra2 Bd4 20. a5 Nd7 21. Rb1 Kg7 22. Ra3 Nf6 23. Nxf6 Kxf6 24. Rab3 h5 25. h4 Rfe8 1/2-1/2

[Event "EU-ch Online 2300+ Qual"]
[Site "Chess.com INT"]
[Date "2020.05.29"]
[Round "2"]
[White "Petrov, Martin"]
[Black "Pantev, Veselin"]
[Result "0-1"]
[WhiteElo "2520"]
[BlackElo "2393"]
[PlyCount "112"]
[EventDate "2020.05.29"]
[EventType "swiss"]
[EventRounds "8"]
[EventCountry "NET"]
[SourceTitle "CBM 196 Extra"]
[Source "ChessBase"]
[SourceDate "2020.07.31"]
[SourceVersion "1"]
[SourceVersionDate "2020.07.31"]
[SourceQuality "1"]

1. e4 c5 2. Nf3 Nc6 3. d4 cxd4 4. Nxd4 e5 5. Nb5 d6 6. c4 Be7 7. N1c3 a6 8. Na3 Be6 9. Nc2 Bg5 10. Bd3 Bxc1 11. Rxc1 Nf6 12. 0-0 0-0 13. Qd2 Qb6 14. Nd5 Bxd5 15. exd5 Nd4 16. Ne3 a5 17. Kh1 Rfe8 18. Bb1 Rac8 19. Rce1 Qb4 20. Qc3 b5 21. a3 Qxc3 22. bxc3 Nb3 23. Nf5 Rcd8 24. cxb5 g6 25. Ne3 Rc8 26. c4 Nd2 27. Bd3 Nxf1 28. Rxf1 Nd7 29. g4 Nc5 30. Bc2 f6 31. Kg2 Kg7 32. h4 Rf8 33. Rh1 Rce8 34. f3 e4 35. f4 f5 36. g5 h6 37. gxh6+ Kxh6 38. Kg3 Kg7 39. Rb1 Rb8 40. Rh1 Rh8 41. Bd1 Kf6 42. Rg1 Rh7 43. Be2 Rbh8 44. Ng2 Ke7 45. Rh1 Kd7 46. Ne3 Kc7 47. Rh2 Kb6 48. Rh3 Nb3 49. h5 Nd4 50. Bd1 gxh5 51. Kf2 h4 52. Ke1 Rg7 53. Kd2 Rg3 54. Rh2 h3 55. Be2 Rhg8 56. Ke1 Rxe3 0-1

[Event "Titled Tuesday intern op 19th May"]
[Site "Chess.com INT"]
[Date "2020.05.19"]
[Round "6"]
[White "Harsha, Bharathakoti"]
[Black "Pantev, Veselin"]
[Result "1-0"]
[WhiteElo "2509"]
[BlackElo "2393"]
[PlyCount "59"]
[EventDate "2020.05.19"]
[EventType "swiss (blitz)"]
[EventRounds "10"]
[EventCountry "USA"]
[SourceTitle "EXT 2021"]
[Source "ChessBase"]
[SourceDate "2020.10.23"]
[SourceVersion "1"]
[SourceVersionDate "2020.10.23"]
[SourceQuality "1"]

1. e4 c6 2. Nc3 d5 3. Nf3 dxe4 4. Nxe4 Nf6 5. Qe2 Nxe4 6. Qxe4 Qd5 7. Qh4 Qe6+ 8. Be2 Nd7 9. b3 Nf6 10. Bb2 Qg4 11. Qg3 Qxg3 12. hxg3 Bf5 13. 0-0-0 e6 14. Nh4 Be7 15. Nxf5 exf5 16. Bd3 Ne4 17. Bxe4 fxe4 18. Bxg7 Rg8 19. Rxh7 Kd7 20. Re1 Rae8 21. Bc3 f5 22. Reh1 b6 23. R1h5 Ref8 24. Kd1 Kd8 25. a4 a6 26. R5h6 f4 27. Rxc6 fxg3 28. fxg3 Bc5 29. Bf6+ Ke8 30. Re6+ 1-0

[Event "Titled Tuesday intern op 19th May"]
[Site "Chess.com INT"]
[Date "2020.05.19"]
[Round "7"]
[White "Pantev, Veselin"]
[Black "Demidov, Mikhail"]
[Result "0-1"]
[WhiteElo "2393"]
[BlackElo "2519"]
[PlyCount "100"]
[EventDate "2020.05.19"]
[EventType "swiss (blitz)"]
[EventRounds "10"]
[EventCountry "USA"]
[SourceTitle "EXT 2021"]
[Source "ChessBase"]
[SourceDate "2020.10.23"]
[SourceVersion "1"]
[SourceVersionDate "2020.10.23"]
[SourceQuality "1"]

1. d4 g6 2. Bf4 Bg7 3. e3 d6 4. Nf3 Nd7 5. h3 e5 6. Bh2 Qe7 7. Be2 Nh6 8. c3 0-0 9. Qb3 Kh8 10. a4 f5 11. dxe5 dxe5 12. Qa3 c5 13. Qa2 g5 14. Na3 f4 15. e4 Nf7 16. Nd2 Nf6 17. f3 Nd6 18. Ndc4 Be6 19. b3 Nf7 20. Bg1 Kg8 21. Bf2 h5 22. 0-0-0 b6 23. Qd2 Rfd8 24. Qc2 Rdb8 25. Nb5 Ne8 26. Rd5 a6 27. Nba3 Qc7 28. Nb2 Ned6 29. c4 h4 30. Rhd1 Nb7 31. Be1 Nbd8 32. a5 bxa5 33. Na4 Bf8 34. Bf2 Nc6 35. Rxc5 Qb7 36. Kb2 Nd4 37. Rxd4 exd4 38. Bxd4 Rd8 39. Bc3 Rac8 40. Rxa5 Bb4 41. e5 Kg7 42. Bd3 Bxa5 43. Bxa5 Nxe5 44. Be4 Qb8 45. Bc3 Kh6 46. Ka2 Nxc4 47. bxc4 Bxc4+ 48. Nxc4 Rxc4 49. Bg7+ Kxg7 50. Qxc4 Qe5 0-1

[Event "Titled Tuesday intern op 19th May"]
[Site "Chess.com INT"]
[Date "2020.05.19"]
[Round "5"]
[White "Pantev, Veselin"]
[Black "Klekowski, Maciej"]
[Result "1-0"]
[WhiteElo "2393"]
[BlackElo "2506"]
[PlyCount "75"]
[EventDate "2020.05.19"]
[EventType "swiss (blitz)"]
[EventRounds "10"]
[EventCountry "USA"]
[SourceTitle "EXT 2021"]
[Source "ChessBase"]
[SourceDate "2020.10.23"]
[SourceVersion "1"]
[SourceVersionDate "2020.10.23"]
[SourceQuality "1"]

1. d4 Nf6 2. Nf3 b6 3. Bf4 Bb7 4. e3 e6 5. Bd3 Be7 6. h3 c5 7. c3 Nc6 8. 0-0 0-0 9. Nbd2 d5 10. a3 a5 11. Ne5 Nxe5 12. Bxe5 Nd7 13. Bg3 f5 14. Nf3 Nf6 15. c4 Ne4 16. Be5 a4 17. Rc1 Qd7 18. Qe2 b5 19. cxd5 c4 20. Bb1 Qxd5 21. Rfd1 Rac8 22. Ne1 c3 23. f3 Nd2 24. bxc3 Nb3 25. Bd3 Nxc1 26. Rxc1 Bxa3 27. Ra1 Rxc3 28. Bxb5 Bc1 29. Rxa4 Bxe3+ 30. Kh2 f4 31. Bd3 Qd7 32. Ra7 Rb3 33. Qc2 Rb6 34. Bxh7+ Kh8 35. Bg6 Rc6 36. Qb3 Bxd4 37. Rxb7 Qxb7 38. Qxb7 1-0

[Event "Titled Tuesday intern op 19th May"]
[Site "Chess.com INT"]
[Date "2020.05.19"]
[Round "10"]
[White "Pantev, Veselin"]
[Black "Rorrer, Grayson"]
[Result "1/2-1/2"]
[WhiteElo "2393"]
[BlackElo "2117"]
[PlyCount "160"]
[EventDate "2020.05.19"]
[EventType "swiss (blitz)"]
[EventRounds "10"]
[EventCountry "USA"]
[SourceTitle "EXT 2021"]
[Source "ChessBase"]
[SourceDate "2020.10.23"]
[SourceVersion "1"]
[SourceVersionDate "2020.10.23"]
[SourceQuality "1"]

1. d4 Nf6 2. Nf3 e6 3. Bf4 c5 4. e3 d5 5. c4 Nc6 6. Nc3 cxd4 7. exd4 Be7 8. c5 0-0 9. a3 a5 10. Rb1 Ne4 11. Qc2 Nxc3 12. bxc3 a4 13. Bb5 Na5 14. 0-0 Bd7 15. Bd3 g6 16. Rfe1 Nb3 17. Nd2 Na5 18. Rb4 b5 19. Bxb5 Bxb5 20. Rxb5 Nc6 21. Reb1 Bg5 22. Bxg5 Qxg5 23. Nf3 Qf4 24. Qe2 Rfe8 25. g3 Qf5 26. Rb6 e5 27. Rxc6 Qxb1+ 28. Kg2 exd4 29. Qd2 dxc3 30. Qxc3 Qe4 31. Rc7 Rad8 32. Qf6 Qe6 33. Qf4 Rc8 34. Ng5 Qf5 35. Qxf5 gxf5 36. Rd7 Red8 37. Ra7 d4 38. Nxf7 d3 39. Nxd8 Rxd8 40. c6 d2 41. c7 d1Q 42. cxd8Q+ Qxd8 43. Rxa4 Qd5+ 44. Kh3 Qc5 45. Rf4 Qd5 46. a4 Kf7 47. a5 Kg6 48. a6 Qd6 49. Kg2 Qxa6 50. Kg1 Qc6 51. Rh4 Qc1+ 52. Kg2 Qd1 53. Rf4 Kg5 54. Rh4 Qd5+ 55. Kg1 h5 56. Rf4 Qe5 57. Rh4 Qe1+ 58. Kg2 Qe2 59. Kg1 Qf3 60. Rd4 Kf6 61. Rh4 Ke5 62. Kf1 Qh1+ 63. Ke2 Qc1 64. Kf3 Qc2 65. Kg2 Qc6+ 66. Kg1 Qc1+ 67. Kg2 Qc6+ 68. Kg1 Qf3 69. Kf1 Qh1+ 70. Ke2 Qb1 71. Kf3 Qb7+ 72. Ke2 Kd5 73. Kf3 Ke5+ 74. Ke2 Qf7 75. Kf3 Qa2 76. Kg2 Qd5+ 77. Kf1 Qd1+ 78. Kg2 Qd5+ 79. Kg1 Qd1+ 80. Kg2 Qd5+ 1/2-1/2

[Event "Titled Tuesday intern op 19th May"]
[Site "Chess.com INT"]
[Date "2020.05.19"]
[Round "2"]
[White "Pantev, Veselin"]
[Black "Zeydan, Salih"]
[Result "1-0"]
[WhiteElo "2393"]
[BlackElo "2066"]
[PlyCount "163"]
[EventDate "2020.05.19"]
[EventType "swiss (blitz)"]
[EventRounds "10"]
[EventCountry "USA"]
[SourceTitle "EXT 2021"]
[Source "ChessBase"]
[SourceDate "2020.10.23"]
[SourceVersion "1"]
[SourceVersionDate "2020.10.23"]
[SourceQuality "1"]

1. d4 Nf6 2. Nf3 e6 3. c4 b6 4. Bg5 Ba6 5. Nbd2 d5 6. e3 c6 7. Bd3 dxc4 8. Bxc4 Bxc4 9. Nxc4 Bb4+ 10. Ke2 0-0 11. a3 Be7 12. Re1 c5 13. dxc5 Bxc5 14. Qxd8 Rxd8 15. Bxf6 gxf6 16. b4 Be7 17. Rac1 Nd7 18. Nd4 Rac8 19. Red1 Kf8 20. b5 Ne5 21. Nxe5 fxe5 22. Nc6 Rxd1 23. Rxd1 Bxa3 24. Ra1 Bd6 25. Rxa7 Rc7 26. Ra8+ Kg7 27. e4 f6 28. f3 Bc5 29. Rd8 Kf7 30. g3 Rb7 31. Rh8 Kg7 32. Re8 Kf7 33. Rd8 Be7 34. Rd1 Ke8 35. g4 Rd7 36. Ra1 Bc5 37. Ra8+ Kf7 38. h4 Kg7 39. h5 h6 40. Rc8 Kf7 41. Ra8 Kg7 42. Rd8 Rc7 43. Kd3 Kf7 44. Kc4 Be7 45. Rd1 Ke8 46. Rd3 Rd7 47. Kc3 Rxd3+ 48. Kxd3 Bc5 49. Kc4 Kd7 50. Nb8+ Ke7 51. Na6 Bf2 52. Nb4 Kd6 53. Nd3 Bg1 54. Nc1 Bd4 55. Ne2 Be3 56. Nc3 Bd2 57. Nb1 Bc1 58. Nc3 Bd2 59. Na4 Be3 60. Kd3 Bf2 61. Kc3 Be3 62. Kc4 Bf2 63. Nc3 Be3 64. Nd1 Bd4 65. Kb4 Kc7 66. Kc4 Kd6 67. Kb4 Kc7 68. Kb3 Kd6 69. Kc4 Kc7 70. f4 Kd6 71. f5 exf5 72. gxf5 Kd7 73. Kd5 Ke7 74. Kc6 Kd8 75. Kd6 Ke8 76. Ke6 Kd8 77. Kxf6 Kc7 78. Ke7 Bc5+ 79. Ke6 Bd4 80. f6 Kd8 81. f7 Bc5 82. Ne3 1-0

[Event "Titled Tuesday intern op1 3rd March  "]
[Site "Chess.com INT"]
[Date "2020.03.03"]
[Round "2"]
[White "Pantev, Veselin"]
[Black "Kamsky, Gata"]
[Result "1-0"]
[WhiteElo "2393"]
[BlackElo "2674"]
[PlyCount "163"]
[EventDate "2020.03.03"]
[EventType "swiss (blitz)"]
[EventRounds "10"]
[EventCountry "USA"]
[SourceTitle "EXT 2021"]
[Source "ChessBase"]
[SourceDate "2020.10.23"]
[SourceVersion "1"]
[SourceVersionDate "2020.10.23"]
[SourceQuality "1"]

1. d4 d5 2. Nf3 Nf6 3. Bf4 e6 4. e3 Bd6 5. Bg3 0-0 6. c4 c5 7. cxd5 Nxd5 8. Nc3 Nxc3 9. bxc3 Nc6 10. Bd3 cxd4 11. Bxd6 Qxd6 12. cxd4 h6 13. 0-0 b6 14. Qe2 Bb7 15. Ba6 Bxa6 16. Qxa6 Nb4 17. Qa4 Nd5 18. Ne5 a6 19. h3 b5 20. Qa5 Rfc8 21. Rfc1 Qb6 22. Qxb6 Nxb6 23. Nc6 Kf8 24. Na5 Ke7 25. Kf1 f5 26. Ke2 Kd6 27. Kd3 Na4 28. f3 e5 29. dxe5+ Kxe5 30. g4 Nb2+ 31. Ke2 Nc4 32. Nxc4+ Rxc4 33. Rxc4 bxc4 34. Rb1 Rc8 35. f4+ Kd5 36. gxf5 c3 37. Kd3 Rc5 38. Rc1 Ra5 39. Rxc3 Rxa2 40. e4+ Kd6 41. Rb3 Kc6 42. Kd4 a5 43. Ke5 a4 44. Rc3+ Kd7 45. f6 gxf6+ 46. Kxf6 Rb2 47. Rd3+ Ke8 48. Rd6 Rb4 49. Kf5 Rb5+ 50. e5 Ra5 51. Rd2 a3 52. Ra2 Kf7 53. h4 Ra4 54. h5 Ra5 55. Ke4 Ra4+ 56. Kd5 Ra5+ 57. Kd6 Ra6+ 58. Kc5 Ke6 59. Kb4 Rb6+ 60. Kc5 Ra6 61. Kb4 Rb6+ 62. Kxa3 Kf5 63. Re2 Rb7 64. Rf2 Rb1 65. Ka2 Rb7 66. Ka3 Rb8 67. Ka4 Rb7 68. Ka5 Rb8 69. Ka6 Rb4 70. Re2 Rb8 71. e6 Re8 72. e7 Kf6 73. Kb6 Rxe7 74. Rxe7 Kxe7 75. Kc5 Ke6 76. Kd4 Kf5 77. Ke3 Kg4 78. Ke4 Kxh5 79. f5 Kg5 80. Ke5 h5 81. f6 h4 82. f7 1-0

[Event "Titled Tuesday intern op 3rd Jan"]
[Site "Chess.com INT"]
[Date "2019.12.03"]
[Round "6"]
[White "Pantev, Veselin"]
[Black "Wojtaszek, Radoslaw"]
[Result "0-1"]
[WhiteElo "2393"]
[BlackElo "2725"]
[PlyCount "82"]
[EventDate "2019.12.03"]
[EventType "swiss (blitz)"]
[EventRounds "10"]
[EventCountry "USA"]
[SourceTitle "EXT 2021"]
[Source "ChessBase"]
[SourceDate "2020.10.23"]
[SourceVersion "1"]
[SourceVersionDate "2020.10.23"]
[SourceQuality "1"]

1. d4 Nf6 2. Bf4 g6 3. e3 Bg7 4. Be2 d6 5. Nf3 0-0 6. c4 b6 7. Nc3 Bb7 8. Qc2 Nbd7 9. 0-0 e6 10. e4 Qe7 11. h3 e5 12. dxe5 dxe5 13. Be3 c6 14. Rfd1 Rfd8 15. Rab1 Nh5 16. b4 Nf4 17. Bf1 Ne6 18. b5 Ndc5 19. bxc6 Bxc6 20. Nd5 Qb7 21. Qb2 Nxe4 22. Nxe5 Bxd5 23. cxd5 Rxd5 24. f4 Rad8 25. Rxd5 Qxd5 26. Bc4 Qxc4 27. Nxc4 Bxb2 28. Rxb2 Rd1+ 29. Kh2 h5 30. g4 Nf6 31. Kg3 Nd5 32. Bd2 Nc5 33. Kf3 hxg4+ 34. hxg4 Rh1 35. Kg2 Rd1 36. Kf3 Kf8 37. f5 gxf5 38. gxf5 Rf1+ 39. Kg4 Nf6+ 40. Kg5 Nce4+ 41. Kh4 Rh1# 0-1